000 00724cam a22002533a 4500
001 25081
003 PGUSA
005 20140828083535.0
008 080416s2008||||xxu|||||s|||||000 1 eng d
040 _aPGUSA
_beng
042 _adc
050 4 _aPS
100 1 _aCooke, Marjorie Benton,
_d1876-1920
245 1 4 _aThe Cricket
_h[electronic resource] /
_cMarjorie Benton Cooke
260 _bProject Gutenberg,
_c2008
506 _aPublic domain in the USA.
516 _aElectronic text
653 _aGirls -- Fiction
653 _aFamily -- Fiction
700 1 _aWilliams, J. Scott
_q(John Scott),
_d1877-1975
830 0 _aProject Gutenberg
_v25081
856 4 0 _uhttp://www.gutenberg.org/ebooks/25081
942 _cEB
999 _c254336
_d254336